书目信息 |
| 题名: |
海明威的巴黎
|
|
| 作者: | 利兰 著 ;郝一匡, 译 | |
| 分册: | ||
| 出版信息: | 长春 吉林出版集团股份有限公司 2017 |
|
| 页数: | 18, 154页 | |
| 开本: | 21cm | |
| 丛书名: | 左岸译丛 | |
| 单 册: | ||
| 中图分类: | K837.125.6 , K956.59 | |
| 科图分类: | ||
| 主题词: | 作家--zuo jia--生平事迹--美国--现代 , 旅游指南--lv you zhi nan--巴黎 | |
| 电子资源: | ||
| ISBN: | 978-7-5534-0108-9 | |
| 000 | 01446cam 2200361 450 | |
| 001 | 012001011721 | |
| 005 | 20141122172903.0 | |
| 010 | @a978-7-5534-0108-9@dCNY29.80 | |
| 099 | @aCAL 012017035657 | |
| 100 | @a20170222d2017 em y0chiy50 ea | |
| 101 | 1 | @achi@ceng |
| 102 | @aCN@b220000 | |
| 105 | @aaf a 000yd | |
| 106 | @ar | |
| 200 | 1 | @a海明威的巴黎@Ahai ming wei de ba li@d= A guide to Hemingway's paris@f(美) 约翰·里兰著@g郝一匡译@zeng |
| 210 | @a长春@c吉林出版集团股份有限公司@d2017 | |
| 215 | @a18, 154页@c图@d21cm | |
| 225 | 2 | @a左岸译丛@Azuo an yi cong |
| 314 | @a约翰·里兰, 在美国弗吉尼亚州勒星顿的弗吉尼亚军事学院担任英文教授。郝一匡, 中国电影出版社编审。 | |
| 314 | @a责任者规范汉译姓: 利兰 | |
| 320 | @a有书目 (第136-141页) | |
| 330 | @a本书介绍著名作家海明威在巴黎留下的足迹, 同时也是巴黎20世纪20年代的文化旅游指南, 其中所描述的地方至今存在, 既是一本缅怀海明威在巴黎的文学朝圣之书, 也是一份巴黎文化旅游指南。 | |
| 410 | 0 | @12001 @a左岸译丛 |
| 500 | 10 | @aGuide to Hemingway's paris@mChinese |
| 600 | 1 | @a海明威@Ahai ming wei@g(Hemingway, Ernest),@f1899-1961@x生平事迹 |
| 606 | 0 | @a作家@Azuo jia@x生平事迹@y美国@z现代 |
| 606 | 0 | @a旅游指南@Alv you zhi nan@y巴黎 |
| 690 | @aK837.125.6@v5 | |
| 690 | @aK956.59@v5 | |
| 701 | 1 | @a利兰@Ali lan@g(Leland, John),@f1950-@4著 |
| 702 | 0 | @a郝一匡,@Ahao yi kuang@f1945-@4译 |
| 801 | 2 | @aCN@b上海新华@c20191020 |
| 905 | @b1184296-9@dK837.125.6@e1106@f4 | |
| 海明威的巴黎= A guide to Hemingway's paris/(美) 约翰·里兰著/郝一匡译.-长春:吉林出版集团股份有限公司,2017 |
| 18, 154页:图;21cm.-(左岸译丛) |
| ISBN 978-7-5534-0108-9:CNY29.80 |
| 本书介绍著名作家海明威在巴黎留下的足迹, 同时也是巴黎20世纪20年代的文化旅游指南, 其中所描述的地方至今存在, 既是一本缅怀海明威在巴黎的文学朝圣之书, 也是一份巴黎文化旅游指南。 |
| ● |
| 相关链接 |
|
|
|
|
正题名:海明威的巴黎
索取号:K837.125.6/1106
 
预约/预借
| 序号 | 登录号 | 条形码 | 馆藏地/架位号 | 状态 | 备注 |
| 1 | 1184296 | 211842960 | 第二样本阅览室/ [索取号:K837.125.6/1106] | 在馆 | |
| 2 | 1184297 | 211842979 | 第二借阅区/ [索取号:K837.125.6/1106] | 在馆 | |
| 3 | 1184298 | 211842988 | 第二借阅区/ [索取号:K837.125.6/1106] | 在馆 | |
| 4 | 1184299 | 211842997 | 第二借阅区/ [索取号:K837.125.6/1106] | 在馆 |